00343nam a2200121Ia 4500082002000000100001800020245005300038260003600091300001600127504001900143650002800162650003100190 aRR 015.54 SUK-S aSukhwal, B.L; 0aSouth Asia: a systematic geographic bibliography aMetuchenbScarecrow Pressc1974 axxii, 827p. aIncludes index aGeographic bibliogrpahy aSouth Asia - Bibliography